| 000 | 00880nam a22002777a 4500 | ||
|---|---|---|---|
| 003 | CHAP | ||
| 005 | 20220329134346.0 | ||
| 008 | 971013s1962 r 00010 d | ||
| 010 | _a19314 | ||
| 011 | _a20286 | ||
| 035 | _a24374 | ||
| 040 | _cCHAP | ||
| 082 |
_a036 _bD5 |
||
| 245 | _aDiccionario enciclopƩdico ilustrado a la lengua espaƱola | ||
| 260 |
_aBarcelona : _bSopena, _c1962 |
||
| 300 |
_a4 v. _b: ilus. |
||
| 590 |
_aBATCH-UPD _b10 _c20130110 _lUCH01 _h1850 |
||
| 590 |
_aCONVERSION _b10 _c20130109 _lUCH01 _h1312 |
||
| 650 | 1 | 4 |
_aEnciclopedias y diccionarios. _936750 |
| 901 | _aBK | ||
| 942 | _cLIBRO | ||
| 949 |
_a036 D5 _bBC _cC _d33724000904488 _eC _fv.4 _i24374 _mD _si |
||
| 949 |
_a036 D5 _bBC _cC _d33724002200983 _eC _fv.3 _h4326 _i24374 _mD _sb |
||
| 949 |
_a036 D5 _bBC _cMUT _d-56198 _eMUT _fv.1 _i24374 _mD _si |
||
| 949 |
_a036 D5 _bBC _cMUT _d-56199 _eMUT _fv.2 _i24374 _mD _si |
||
| 999 |
_c19314 _d19314 |
||